Green Day Songs - Sudden Death #3 - Statistics

General Stats
  • This quiz has been taken 52 times
    45 since last reset
  • The average score is 11 of 16
Answers on the Grid
Answers color-coded by a green-red scale on the quiz's grid according to % correct below.
Africa
Alone
Amanda
Burnout
Creep
Daniel
Firework
Governator
Haushinka
Help!
Homecoming
Imagine
Jaded
Jinx
Karma
Longview
Lump
Nightlife
Paranoid
Radioactive
Rest
Royals
Runaways
Saviors
She
Stan
Thriller
Troublemaker
Uptight
Warning
Youngblood
Zombie
 
Answer Stats
Answer % Correct
Dookie She
93%
Warning Warning
93%
Dookie Burnout
90%
Dookie Longview
90%
American Idiot Homecoming
86%
Insomniac Jaded
83%
Saviors Saviors
76%
American Idiot (Deluxe) Governator
66%
Nimrod Haushinka
66%
Nimrod Jinx
62%
Tré Amanda
59%
Dos Nightlife
59%
Nimrod Uptight
59%
Revolution Radio Youngblood
55%
Uno Troublemaker
52%
39 / Smooth Rest
45%
No matching quizzes found
Score Distribution
Percent of People with Each Score
Percentile by Number Answered
Your Score History
You have not taken this quiz since the last reset